000 00932nam a2200241 i 4500
001 bg
100 1 _aWANIELISTA, Konrad
245 1 0 _aZarządzanie strategiczne przedsiębiorstwami przemysłowymi /
_cKonrad Wanielista ; Instytut Gospodarki Surowcami Mineralnymi i Energią. Polska Akademia Nauk.
260 _aKraków :
_bWydaw. IGSMiE PAN,
_c2002.
300 _a236 s. :
_bil. ;
_c24 cm.
504 _aBibliogr.
650 9 _aPrzedsiębiorstwo
_xorganizacja
650 9 _aZarządzanie strategiczne
710 0 _aPolska Akademia Nauk (Kraków)
_bInstytut Gospodarki Surowcami Mineralnymi i Energią
020 _a8389174650
040 _cBPK
041 0 _apol
080 _a658.1/.5.012.4
920 _a83-89174-65-0
942 _cKS
008 s pl f |000 0 pol
999 _c44462
_d44462
856 _uhttp://koha.tu.koszalin.pl/cgi-bin/koha/opac-detail.pl?biblionumber=44462
_yKatalog online BPK